Transportation research implementation : application of research outcomes : summary of the Second EU-U.S. Transportation Research Symposium /

Bibliographic Details
Main Authors: Meyer, Andrea (Ghostwriter) (Author), Meyer, Dana (Author)
Corporate Authors: EU-U.S. Transportation Research Symposium Paris, France, National Research Council (U.S.). Transportation Research Board (sponsoring body.), European Commission (sponsoring body.), United States. Department of Transportation. Office of the Assistant Secretary for Research and Technology (sponsoring body.)
Format: Conference Proceeding Book
Language:English
Published: Washington, D.C. : Transportation Research Board, 2015.
Series:Conference proceedings (National Research Council (U.S.). Transportation Research Board) ; 51.
Subjects:
Online Access:http://onlinepubs.trb.org/onlinepubs/conf/cp51.pdf

MARC

Tag First Indicator Second Indicator Subfields
LEADER 00000cam a2200000Ii 4500
001 in00003774595
005 20160510134701.0
008 150403s2015 dcua b 100 0 eng d
035 |a (OCoLC)ocn906199052 
040 |a JCR  |b eng  |e rda  |c JCR  |d JCR  |d DMY  |d OCLCF  |d MDT  |d VGM  |d UWW  |d TXA 
019 |a 926098412 
020 |a 9780309295598 
020 |a 0309295599 
035 |a (OCoLC)906199052  |z (OCoLC)926098412 
043 |a n-us---  |a e------ 
050 4 |a TE1  |b N277co no.51 
050 4 |a HE192.5  |b .E85 2014 
090 |a HE305  |b .E976 2014 
082 0 4 |a 388.4  |2 23 
049 |a TXAM 
111 2 |a EU-U.S. Transportation Research Symposium  |n (2nd :  |d 2014 :  |c Paris, France) 
245 1 0 |a Transportation research implementation :  |b application of research outcomes : summary of the Second EU-U.S. Transportation Research Symposium /  |c Andrea Meyer and Dana Meyer, Working Knowledge, rapporteurs. 
246 3 0 |a Summary of the Second EU-U.S. Transportation Research Symposium 
264 1 |a Washington, D.C. :  |b Transportation Research Board,  |c 2015. 
300 |a viii, 149 pages :  |b illustrations ;  |c 28 cm 
336 |a text  |b txt  |2 rdacontent 
337 |a unmediated  |b n  |2 rdamedia 
338 |a volume  |b nc  |2 rdacarrier 
490 1 |a Conference proceedings,  |x 1073-1652 ;  |v 51 
500 |a "April 10-11, 2014, Paris, France." 
500 |a "Organized by the European Commission, Office of the Assistant Secretary for Research and Technology, U.S. Department of Transportation, Transportation Research Board." 
504 |a Includes bibliographical references. 
530 |a Also available online. 
650 0 |a Transportation  |x Research  |v Congresses. 
650 7 |a Research.  |2 trt 
650 7 |a Conferences.  |2 trt 
650 7 |a Implementation.  |2 trt 
650 7 |a Transportation  |x Research.  |2 fast  |0 (OCoLC)fst01155185 
655 7 |a Conference papers and proceedings.  |2 fast  |0 (OCoLC)fst01423772 
700 1 |a Meyer, Andrea  |c (Ghostwriter),  |e author. 
700 1 |a Meyer, Dana,  |e author. 
710 2 |a National Research Council (U.S.).  |b Transportation Research Board,  |e issuing body,  |e sponsoring body. 
710 2 |a European Commission,  |e sponsoring body. 
710 1 |a United States.  |b Department of Transportation.  |b Office of the Assistant Secretary for Research and Technology,  |e sponsoring body. 
830 0 |a Conference proceedings (National Research Council (U.S.). Transportation Research Board) ;  |v 51. 
856 4 1 |u http://onlinepubs.trb.org/onlinepubs/conf/cp51.pdf  |t 0 
948 |a cataloged  |b h  |c 2016/5/10  |d c  |e ceaton  |f 1:46:17 pm 
994 |a C0  |b TXA 
999 f f |s 4b0dcf23-aed8-38b7-b825-d54b1d8e7445  |i 9de26659-aec4-3c3d-9710-163fcdcb926c  |t 0 
952 f f |p normal  |a Texas A&M University  |b College Station  |c Sterling C. Evans Library  |d Evans: Library Stacks  |t 0  |e HE305 .E976 2014  |h Library of Congress classification  |i unmediated -- volume  |m A14843500415 
998 f f |a HE305 .E976 2014  |t 0  |l Evans: Library Stacks